000 00698nam a2200229 a 4500
001 656624
005 20180110072758.0
008 940106s1993 ctu d 000 0 eng
010 _a 94102018
020 _a071724671X :
_c$59.95 ($69.95 Can.)
040 _aDLC
_cDLC
041 _aeng
080 _a423 WEB
082 0 0 _a423 WEB
_220
100 _a22
101 _aGJU
245 0 0 _aNew Webster's dictionary and thesaurus of the English language.
740 0 _aLarousse illustrated international encyclopedia and dictionary.
906 _a7
_bcbc
_corignew
_d2
_encip
_f19
_gy-gencatlg
942 _2ddc
_cBK
999 _c39993
_d39993